[Event "Rated Blitz tournament 35zmZhnC"]
[Site "?"]
[Date "2021.05.27"]
[Round "?"]
[White "onmaster"]
[Black "Meysonn"]
[Result "0-1"]
[WhiteElo "2215"]
[BlackElo "2635"]
[PlyCount "60"]
[EventDate "2021.??.??"]
[EventType "blitz"]

1. e4 e5 2. Nf3 d5 3. exd5 e4 4. Qe2 Qe7 5. Nd4 Nf6 6. Nc3 Bg4 7. f3 exf3 8.
Qxe7+ Bxe7 9. gxf3 Bd7 10. Rg1 O-O 11. Ndb5 Bd6 12. Nxd6 cxd6 13. d4 Re8+ 14.
Kf2 Na6 15. Bxa6 bxa6 16. b3 Rac8 17. Bb2 Nxd5 18. Nxd5 Rxc2+ 19. Kg3 Rxb2 20.
Rge1 Re6 21. Nb4 Rg6+ 22. Kf4 Rf6+ 23. Ke4 a5 24. Nd5 Bc6 25. Rac1 Re6+ 26. Kf4
g5+ 27. Kxg5 Bxd5 28. Rc8+ Kg7 29. Rxe6 Bxe6 30. f4 Bxc8 {Normal} 0-1

[Event "Rated Blitz game"]
[Site "?"]
[Date "2021.05.27"]
[Round "?"]
[White "AyMisho"]
[Black "GoughPhar"]
[Result "1-0"]
[WhiteElo "2505"]
[BlackElo "2456"]
[PlyCount "25"]
[EventDate "2021.??.??"]
[EventType "blitz"]

1. e4 e5 2. Nf3 d5 3. Nxe5 Bd6 4. d4 dxe4 5. Nc4 Nf6 6. Nc3 Nc6 7. Be2 Bf5 8.
Bg5 h6 9. Bh4 g5 10. d5 Nb4 11. Nxd6+ Qxd6 12. Bg3 Qc5 13. Be5 {Time forfeit}
1-0

[Event "Rated Blitz game"]
[Site "?"]
[Date "2021.05.27"]
[Round "?"]
[White "AyMisho"]
[Black "GoughPhar"]
[Result "0-1"]
[WhiteElo "2508"]
[BlackElo "2452"]
[PlyCount "90"]
[EventDate "2021.??.??"]
[EventType "blitz"]

1. e4 e5 2. Nf3 d5 3. Nxe5 Bd6 4. d4 dxe4 5. Nc4 Nf6 6. Nc3 O-O 7. Bg5 Nc6 8.
Be2 Bf5 9. Nd5 Bg6 10. h4 Bb4+ 11. Nxb4 Nxb4 12. Ne3 h6 13. h5 Bh7 14. Bh4 Qd6
15. Qd2 a5 16. g4 Nfd5 17. Bg3 Qb6 18. Nc4 Qxd4 19. Qxd4 Nxc2+ 20. Kf1 Nxd4 21.
Rd1 Nxe2 22. Kxe2 c6 23. Ne3 Rfd8 24. Nxd5 cxd5 25. Rd4 Rac8 26. Rhd1 Rc2+ 27.
Ke3 f5 28. Rxd5 Rxd5 29. Rxd5 fxg4 30. Be5 g6 31. Rd7 gxh5 32. Rg7+ Kf8 33.
Rxh7 h4 34. Rxh6 g3 35. fxg3 hxg3 36. Kxe4 Re2+ 37. Kf5 g2 38. Rg6 Rf2+ 39. Bf4
Rxb2 40. a4 Rf2 41. Ke5 g1=Q 42. Rxg1 Re2+ 43. Kf6 Ke8 44. Rg7 Rf2 45. Kf5
Rxf4+ {Time forfeit} 0-1

[Event "Rated Blitz game"]
[Site "?"]
[Date "2021.05.27"]
[Round "?"]
[White "jill_valentine3798"]
[Black "blastol"]
[Result "1-0"]
[WhiteElo "2423"]
[BlackElo "2417"]
[PlyCount "93"]
[EventDate "2021.??.??"]
[EventType "blitz"]

1. e4 e5 2. Nf3 d5 3. d4 dxe4 4. Nxe5 Bd6 5. Qh5 Bxe5 6. Qxe5+ Qe7 7. Qxg7 Qf6
8. Qxf6 Nxf6 9. Bf4 Nd5 10. Bg3 Nc6 11. c3 f5 12. Bc4 Nce7 13. Be5 Rg8 14. g3
Be6 15. Nd2 c6 16. O-O-O b5 17. Bb3 a5 18. a3 b4 19. c4 Nb6 20. a4 O-O-O 21.
Kb1 Ng6 22. c5 Bxb3 23. Nxb3 Nc4 24. Bf6 Rdf8 25. Bg5 Nge5 26. dxe5 Rxg5 27.
Rd4 Nxe5 28. Nxa5 Kc7 29. Rhd1 Nd3 30. Rd6 Rg6 31. Rxg6 hxg6 32. f3 Ra8 33.
fxe4 fxe4 34. Nc4 Nxc5 35. a5 Re8 36. Kc2 e3 37. Re1 Nd7 38. Rxe3 Rxe3 39. Nxe3
c5 40. b3 Kc6 41. Nc4 Nf6 42. Kd3 Nd5 43. h4 Kb5 44. Ke4 Nf6+ 45. Kf4 Nd5+ 46.
Kg5 Nc3 47. Kxg6 {Normal} 1-0

[Event "Rated Blitz game"]
[Site "?"]
[Date "2021.05.27"]
[Round "?"]
[White "WischmoppPair"]
[Black "porkan_kim"]
[Result "0-1"]
[WhiteElo "2525"]
[BlackElo "2369"]
[PlyCount "88"]
[EventDate "2021.??.??"]
[EventType "blitz"]

1. e4 e5 2. Nf3 d5 3. exd5 e4 4. Qe2 Nf6 5. d3 Bb4+ 6. c3 O-O 7. dxe4 Bc5 8.
Bg5 Re8 9. Nbd2 h6 10. Bxf6 Qxf6 11. O-O-O a5 12. h3 a4 13. a3 Bf5 14. Qc4 Nd7
15. exf5 b5 16. Qh4 Qd6 17. Ne4 Qb6 18. Nxc5 Qxc5 19. Qd4 Qd6 20. Bxb5 Reb8 21.
Bc6 Ra6 22. Rhe1 Rab6 23. Rd2 Nc5 24. Bxa4 Ra6 25. Bd1 Qb6 26. d6 Rxa3 27. Qb4
Ra1+ 28. Kc2 Qxb4 29. cxb4 Rxb4 30. Be2 Rxe1 31. Nxe1 cxd6 32. Rxd6 Re4 33. Kd1
Re5 34. g4 Ne4 35. Rd8+ Kh7 36. Nd3 Re7 37. h4 f6 38. h5 Ng5 39. f3 Nh3 40. Kd2
Ng5 41. Nf4 Rc7 42. Ng6 Nf7 43. Rf8 Re7 44. Bc4 Rc7 {Time forfeit} 0-1

[Event "Rated Blitz game"]
[Site "?"]
[Date "2021.05.26"]
[Round "?"]
[White "maseratti9"]
[Black "KamranShirazi"]
[Result "1-0"]
[WhiteElo "2558"]
[BlackElo "2569"]
[PlyCount "73"]
[EventDate "2021.??.??"]
[EventType "blitz"]

1. e4 e5 2. Nf3 d5 3. exd5 e4 4. Qe2 Nf6 5. d3 Bb4+ 6. Bd2 O-O 7. dxe4 Re8 8.
e5 Nxd5 9. Bxb4 Nxb4 10. Qc4 N8c6 11. a3 Nxe5 12. Nxe5 Rxe5+ 13. Be2 Nc6 14.
O-O Be6 15. Qd3 Nd4 16. Bd1 Bf5 17. Qg3 Ne2+ 18. Bxe2 Rxe2 19. Nc3 Rxc2 20.
Rad1 Qf8 21. Qxc7 Rxb2 22. Nd5 Be6 23. Ne7+ Kh8 24. Rb1 Rxb1 25. Rxb1 b6 26.
Rd1 Re8 27. Nc6 Qxa3 28. Nxa7 h5 29. h3 Re7 30. Qd8+ Kh7 31. Nc6 Rb7 32. Nd4
Rd7 33. Qg5 Rxd4 34. Qxh5+ Kg8 35. Rxd4 Qa1+ 36. Qd1 Qa5 37. Rd8+ {Time forfeit
} 1-0

[Event "Rated Blitz game"]
[Site "?"]
[Date "2021.05.26"]
[Round "?"]
[White "Abbasgholizadeh"]
[Black "DarthZannah"]
[Result "1-0"]
[WhiteElo "2347"]
[BlackElo "2523"]
[PlyCount "107"]
[EventDate "2021.??.??"]
[EventType "blitz"]

1. e4 e5 2. Nf3 d5 3. Nxe5 dxe4 4. Bc4 Qg5 5. d4 Qxg2 6. Bxf7+ Kd8 7. Rf1 Bd6
8. Bxg8 Rxg8 9. Qh5 Bh3 10. Bg5+ Kc8 11. Nd2 h6 12. Be3 Nd7 13. O-O-O Nf6 14.
Qf7 Rf8 15. Qb3 Bg4 16. Rg1 Qh3 17. Nxg4 Nxg4 18. Qe6+ Kb8 19. Qxg4 Qxg4 20.
Rxg4 g5 21. Rxe4 Bxh2 22. Rh1 Bd6 23. Rxh6 b6 24. Nc4 Bf4 25. Bxf4 gxf4 26. Rh7
Kb7 27. Ree7 Ka6 28. Rxc7 Rfe8 29. Ne5 Re6 30. a4 Rd6 31. c3 b5 32. axb5+ Kxb5
33. Rxa7 Rxa7 34. Rxa7 f3 35. Nxf3 Rf6 36. Ne5 Rxf2 37. c4+ Kb6 38. Ra3 Rf4 39.
Rd3 Kc7 40. b4 Kd6 41. b5 Rf8 42. Kc2 Rf2+ 43. Kc3 Ra2 44. Kb4 Rb2+ 45. Rb3 Rd2
46. Nf3 Rf2 47. b6 Kc6 48. c5 Rf1 49. Ne5+ Kb7 50. Kc4 Rc1+ 51. Kd5 Ka6 52. b7
Ka5 53. b8=Q Ka4 54. Qb4# {Normal} 1-0

[Event "Rated Blitz game"]
[Site "?"]
[Date "2021.05.26"]
[Round "?"]
[White "franjedrez"]
[Black "TheMonsterNotTheNM"]
[Result "1-0"]
[WhiteElo "2610"]
[BlackElo "2474"]
[PlyCount "133"]
[EventDate "2021.??.??"]
[EventType "blitz"]

1. e4 e5 2. Nf3 d5 3. exd5 e4 4. Qe2 Nf6 5. d3 Be7 6. dxe4 O-O 7. Nc3 c6 8. Bg5
Nxd5 9. Bxe7 Nxe7 10. Qd3 Qa5 11. O-O-O b5 12. Nd4 Be6 13. Nxe6 fxe6 14. Qd6 b4
15. Bc4 bxc3 16. Qxe7 Na6 17. Bxe6+ Kh8 18. Rd7 Qe5 19. Bc4 Qxe7 20. Rxe7 cxb2+
21. Kxb2 Rab8+ 22. Kc3 Nc5 23. f3 Na4+ 24. Kd3 Rfd8+ 25. Ke3 Nc3 26. Bb3 Nd1+
27. Ke2 Nc3+ 28. Kf2 Rd2+ 29. Ke3 Rbd8 30. Rg1 Ne2 31. Re1 Nc3 32. Re8+ Rxe8
33. Kxd2 Nb5 34. c4 Rc8 35. cxb5 Rd8+ 36. Ke3 cxb5 37. Rd1 g6 38. Rxd8+ Kg7 39.
Rb8 Kh6 40. Rb7 Kg5 41. Rxa7 h5 42. Rb7 h4 43. Rxb5+ Kh6 44. g3 h3 45. g4 Kg7
46. f4 Kf6 47. f5 Ke7 48. fxg6 Kd6 49. g7 Kc6 50. g8=Q Kxb5 51. Qh7 Kb4 52.
Qxh3 Ka3 53. Qg3 Kb2 54. g5 Ka1 55. g6 Kb2 56. g7 Ka1 57. h3 Kb2 58. h4 Kb1 59.
h5 Ka1 60. h6 Kb1 61. h7 Ka1 62. e5 Kb1 63. e6 Kc1 64. e7 Kb1 65. a4 Ka1 66. a5
Kb1 67. a6 {Time forfeit} 1-0

[Event "Rated Blitz game"]
[Site "?"]
[Date "2021.05.26"]
[Round "?"]
[White "asumachess"]
[Black "FourNinetySix"]
[Result "0-1"]
[WhiteElo "2380"]
[BlackElo "2440"]
[PlyCount "66"]
[EventDate "2021.??.??"]
[EventType "blitz"]

1. e4 e5 2. Nf3 d5 3. Nxe5 Bd6 4. d4 dxe4 5. Nc4 Nf6 6. Nc3 Nc6 7. Bg5 Be7 8.
Be3 Bf5 9. Qd2 Nd5 10. Nxd5 Qxd5 11. c3 O-O-O 12. Be2 h5 13. b4 Bg4 14. b5 Bxe2
15. Qxe2 Nb8 16. a4 g5 17. a5 f5 18. b6 cxb6 19. axb6 a6 20. Ra5 Qe6 21. Re5
Qd7 22. Rxe7 Qxe7 23. Ne5 Rd6 24. g3 Nc6 25. Nxc6 Rxc6 26. d5 Rxc3 27. Bd4 Rc1+
28. Kd2 Rxh1 29. Qc4+ Kb8 30. Bxh8 Rxh2 31. Be5+ Qxe5 32. d6 Qxd6+ 33. Ke1 Rh1+
{Normal} 0-1

[Event "Rated Blitz game"]
[Site "?"]
[Date "2021.05.26"]
[Round "?"]
[White "pele1397"]
[Black "sandokhane"]
[Result "1-0"]
[WhiteElo "2408"]
[BlackElo "2405"]
[PlyCount "29"]
[EventDate "2021.??.??"]
[EventType "blitz"]

1. e4 e5 2. Nf3 d5 3. exd5 e4 4. Qe2 Nf6 5. d3 Bb4+ 6. c3 O-O 7. dxe4 Bc5 8.
Bg5 Re8 9. Nbd2 Bg4 10. O-O-O Nbd7 11. h3 Bh5 12. g4 Bg6 13. e5 Nxd5 14. Bxd8
Nxc3 15. Qc4 {Normal} 1-0

[Event "Rated Blitz game"]
[Site "?"]
[Date "2021.05.26"]
[Round "?"]
[White "georgio95"]
[Black "GoughPhar"]
[Result "0-1"]
[WhiteElo "2270"]
[BlackElo "2413"]
[PlyCount "84"]
[EventDate "2021.??.??"]
[EventType "blitz"]

1. e4 e5 2. Nf3 d5 3. Nxe5 Bd6 4. d4 dxe4 5. f4 exf3 6. Nxf3 Bg4 7. Bd3 Nc6 8.
O-O Nf6 9. c3 O-O 10. Bg5 h6 11. Bh4 g5 12. Bf2 Qd7 13. Nbd2 Rae8 14. Rc1 Kg7
15. Bb1 Bh5 16. h3 Re7 17. g4 Bg6 18. Bxg6 fxg6 19. Qb3 Nxg4 20. d5 Nxf2 21.
Rxf2 Ne5 22. Nd4 Rxf2 23. Ne6+ Rxe6 24. dxe6 Bc5 25. exd7 Rxd2+ 26. Kf1 Nf3 27.
Rc2 Nh2+ 28. Ke1 Nf3+ 29. Kf1 Rxd7 30. Qxb7 Rd1+ 31. Ke2 Re1+ 32. Kxf3 Re7 33.
Qd5 Rf7+ 34. Kg2 Bd6 35. Re2 h5 36. Qd4+ Kh6 37. Re6 Kh7 38. Qd3 Rg7 39. b4 g4
40. hxg4 hxg4 41. Qd5 Kh6 42. Qg5+ Kxg5 {Normal} 0-1

[Event "Rated Blitz game"]
[Site "?"]
[Date "2021.05.26"]
[Round "?"]
[White "DanPach"]
[Black "DarthZannah"]
[Result "1-0"]
[WhiteElo "2536"]
[BlackElo "2527"]
[PlyCount "115"]
[EventDate "2021.??.??"]
[EventType "blitz"]

1. e4 e5 2. Nf3 d5 3. exd5 e4 4. Ne5 Qxd5 5. d4 exd3 6. Nxd3 Nf6 7. Nc3 Qf5 8.
Be2 Bd6 9. h3 O-O 10. Be3 Nc6 11. Qd2 Be6 12. g4 Qa5 13. a3 Nd5 14. Nxd5 Qxd2+
15. Kxd2 Bxd5 16. Rhg1 Rad8 17. Rae1 Ne5 18. Kc1 Nxd3+ 19. Bxd3 Bh2 20. Bc5
Bxg1 21. Bxf8 Bxf2 22. Be7 Bxe1 23. Bxd8 Bg3 24. Be7 f6 25. Kd2 Kf7 26. Bc5 Bg2
27. Bxa7 b6 28. Bb8 Bxh3 29. Be2 Ke7 30. a4 Kd7 31. Ba7 Bg2 32. b4 Kc6 33. Ba6
Bf3 34. Bc8 g5 35. c4 h5 36. gxh5 Bxh5 37. a5 bxa5 38. bxa5 Bd6 39. a6 Bb4+ 40.
Kc2 Ba5 41. Bb7+ Kd7 42. Bd4 Bg6+ 43. Kb3 c5 44. a7 cxd4 45. a8=Q Bc3 46. Qf8
Ke6 47. Bd5+ Ke5 48. Qe7+ Kf4 49. Qxf6+ Bf5 50. Be6 d3 51. Qxf5+ Ke3 52. Kxc3
d2 53. Qxg5+ Ke2 54. Bg4+ Kf1 55. Qxd2 Kg1 56. Bf3 Kf1 57. Qe2+ Kg1 58. Qg2# {
Normal} 1-0

[Event "Rated Blitz game"]
[Site "?"]
[Date "2021.05.26"]
[Round "?"]
[White "PhantomKinder"]
[Black "magos33"]
[Result "1-0"]
[WhiteElo "2426"]
[BlackElo "2379"]
[PlyCount "67"]
[EventDate "2021.??.??"]
[EventType "blitz"]

1. e4 e5 2. Nf3 d5 3. exd5 e4 4. Qe2 Nf6 5. d3 Qxd5 6. Nbd2 Bc5 7. Nxe4 Nxe4 8.
Qxe4+ Qxe4+ 9. dxe4 O-O 10. Bd3 Bg4 11. h3 Bxf3 12. gxf3 Nc6 13. Be3 Bd4 14. c3
Bxe3 15. fxe3 Rad8 16. Ke2 Ne5 17. Rad1 Rd6 18. f4 Nxd3 19. Rxd3 Rb6 20. Rd2
Re8 21. e5 f6 22. exf6 Rxf6 23. Kf3 Rfe6 24. Re2 Re4 25. Rd1 R8e7 26. Rd4 R4e6
27. e4 Rh6 28. Rh2 c5 29. Rd5 b6 30. h4 Rf6 31. h5 h6 32. Rg2 Kh7 33. f5 a5 34.
a4 {Time forfeit} 1-0

[Event "Rated Blitz tournament g2d3aTDb"]
[Site "?"]
[Date "2021.05.26"]
[Round "?"]
[White "MaitedePapa"]
[Black "CarlitosCL"]
[Result "1-0"]
[WhiteElo "2443"]
[BlackElo "2254"]
[PlyCount "95"]
[EventDate "2021.??.??"]
[EventType "blitz"]

1. e4 e5 2. Nf3 d5 3. d4 dxe4 4. Nxe5 Bd6 5. Bc4 Bxe5 6. Qh5 Qf6 7. Qxe5+ Qxe5
8. dxe5 Nc6 9. Nc3 Bf5 10. Bb3 Nxe5 11. Bf4 f6 12. Bxe5 fxe5 13. Bxg8 Rxg8 14.
O-O-O Rd8 15. Rhe1 Rxd1+ 16. Kxd1 Rf8 17. Ke2 Kd7 18. Kf1 Ke6 19. Nxe4 Bxe4 20.
Rxe4 Kd5 21. Re1 c5 22. Ke2 c4 23. Rd1+ Kc6 24. c3 b5 25. Ke3 a5 26. f3 b4 27.
g3 bxc3 28. bxc3 Rb8 29. Rd2 Rb1 30. Ke4 Re1+ 31. Kf5 Rf1 32. Kg4 Rc1 33. Re2
Rxc3 34. Rxe5 Ra3 35. Re2 c3 36. Kf4 Kc5 37. Ke3 Kc4 38. Rc2 a4 39. Ke4 g6 40.
h4 h6 41. g4 Kb4 42. Kd4 h5 43. gxh5 gxh5 44. f4 Kb5 45. f5 Kc6 46. Ke5 Kd7 47.
Kf6 Ke8 48. Kg7 {Normal} 1-0

[Event "Rated Blitz game"]
[Site "?"]
[Date "2021.05.26"]
[Round "?"]
[White "TheRealCarlsbad"]
[Black "blastol"]
[Result "0-1"]
[WhiteElo "2278"]
[BlackElo "2403"]
[PlyCount "82"]
[EventDate "2021.??.??"]
[EventType "blitz"]

1. e4 e5 2. Nf3 d5 3. Nxe5 Bd6 4. d4 dxe4 5. Nc3 Nf6 6. Bg5 O-O 7. Bc4 Bf5 8.
Qd2 a6 9. O-O-O b5 10. Bb3 Qe7 11. Nd5 Qd8 12. Bxf6 gxf6 13. Qh6 Bg6 14. Ng4
Nd7 15. h4 Re8 16. h5 Bf8 17. Qe3 Bf5 18. Ngxf6+ Nxf6 19. Qg5+ Bg7 20. h6 Bg6
21. hxg7 Nxd5 22. Qxd5 Qxd5 23. Bxd5 Rad8 24. Bb7 Rd6 25. Rhe1 f5 26. f4 Rb8
27. Bxa6 Rxa6 28. d5 Kxg7 29. Rd4 Rd6 30. b3 Kf6 31. c4 bxc4 32. bxc4 Rb4 33.
Kc2 Ra6 34. Kc3 Rba4 35. c5 Rxd4 36. Kxd4 Ra4+ 37. Kc3 Ke7 38. Rb1 Rxa2 39. Rb7
Kd7 40. d6 Ra6 41. Rxc7+ Kd8 {Time forfeit} 0-1

[Event "Rated Blitz game"]
[Site "?"]
[Date "2021.05.26"]
[Round "?"]
[White "garri1976"]
[Black "Junior072001"]
[Result "0-1"]
[WhiteElo "2431"]
[BlackElo "2285"]
[PlyCount "92"]
[EventDate "2021.??.??"]
[EventType "blitz"]

1. e4 e5 2. Nf3 d5 3. Nxe5 dxe4 4. d4 exd3 5. Nxd3 Nf6 6. Nc3 c6 7. Be2 Bd6 8.
O-O h6 9. Bf3 O-O 10. h3 Bf5 11. Re1 Nbd7 12. Ne4 Nxe4 13. Bxe4 Bxe4 14. Rxe4
Nf6 15. Re1 Re8 16. Be3 Qc7 17. Qf3 Nd5 18. Bd4 b6 19. Qg4 Bf8 20. c4 Ne7 21.
Nf4 Qc8 22. Qf3 Qf5 23. g4 Qc2 24. Rac1 Qa4 25. b3 Qa3 26. Rcd1 Qxa2 27. Re2
Qa3 28. Rde1 Red8 29. Bb2 Qd6 30. Be5 Qd7 31. Nh5 Ng6 32. Bb2 Re8 33. Qc3 Rxe2
34. Rxe2 f6 35. Qc2 Qf7 36. Qf5 Re8 37. Rxe8 Qxe8 38. Bc3 Qf7 39. Kf1 Ne7 40.
Qe4 f5 41. Qe2 fxg4 42. hxg4 Ng6 43. Qe4 c5 44. f4 Bd6 45. f5 Qe7 46. Qa8+ Nf8
{Time forfeit} 0-1

[Event "Rated Blitz game"]
[Site "?"]
[Date "2021.05.26"]
[Round "?"]
[White "Kh777alaagha"]
[Black "Pashkomarku"]
[Result "0-1"]
[WhiteElo "2400"]
[BlackElo "2258"]
[PlyCount "44"]
[EventDate "2021.??.??"]
[EventType "blitz"]

1. e4 e5 2. Nf3 d5 3. Nxe5 Qe7 4. d4 f6 5. Qh5+ g6 6. Nxg6 Qxe4+ 7. Be3 Qxg6 8.
Qxd5 Bd6 9. Bd3 Qf7 10. Qf3 Nc6 11. c3 Bd7 12. b4 O-O-O 13. a4 Nge7 14. Nd2 Nd5
15. Bc4 Be6 16. Rc1 Nxe3 17. Bxe6+ Qxe6 18. fxe3 Ne7 19. O-O f5 20. Rfe1 Rhg8
21. e4 fxe4 22. Rxe4 Qh6 {Normal} 0-1

[Event "Rated Blitz game"]
[Site "?"]
[Date "2021.05.26"]
[Round "?"]
[White "ApolloAGAPAY"]
[Black "superior2017"]
[Result "0-1"]
[WhiteElo "2450"]
[BlackElo "2392"]
[PlyCount "154"]
[EventDate "2021.??.??"]
[EventType "blitz"]

1. e4 e5 2. Nf3 d5 3. Nxe5 dxe4 4. d3 Bd6 5. Nc4 exd3 6. Nxd6+ Qxd6 7. Bxd3 Nf6
8. O-O O-O 9. h3 Nc6 10. Nc3 Be6 11. a3 Rad8 12. Qe2 Rfe8 13. Ne4 Nxe4 14. Qxe4
g6 15. Bg5 Bf5 16. Qh4 Bxd3 17. Rfd1 Qd4 18. Bxd8 Rxd8 19. Qxd8+ Qxd8 20. Rxd3
Qf6 21. c3 Ne5 22. Rd5 c6 23. Rd4 Kg7 24. Re1 h5 25. Rde4 Nd7 26. Re7 Nc5 27.
R1e3 b5 28. b4 Na4 29. Rxa7 Nxc3 30. Rf3 Ne2+ 31. Kf1 Nf4 32. Kg1 g5 33. g3
Qa1+ 34. Kh2 Qd1 35. Re3 Ne2 36. Kg2 g4 37. hxg4 hxg4 38. Rxe2 Qxe2 39. Rc7
Qe4+ 40. Kh2 Qf3 41. Kg1 Kf6 42. Ra7 Ke5 43. Ra8 Kd4 44. Ra6 Kd3 45. Ra8 Kc2
46. Kf1 Kb2 47. Ra5 Qb3 48. Kg2 Qxa3 49. Kf1 Qxb4 50. Ra8 Qc4+ 51. Kg1 b4 52.
Rb8 b3 53. Kg2 Kc2 54. Kg1 b2 55. Kg2 b1=Q 56. Rxb1 Kxb1 57. f4 Kc2 58. Kf2 Kd3
59. Ke1 Ke4 60. Kd2 Kf3 61. f5 Qe4 62. f6 Qf5 63. Kc3 Qxf6+ 64. Kc4 Qe5 65. Kd3
Qxg3 66. Kd4 Qf4+ 67. Kc5 f5 68. Kxc6 g3 69. Kd5 g2 70. Ke6 Qe3+ 71. Kd5 f4 72.
Kc4 g1=Q 73. Kd5 Qd1+ 74. Kc4 Qec1+ 75. Kb4 Qdd2+ 76. Kb3 Qdb2+ 77. Ka4 Qca1# {
Normal} 0-1

[Event "Rated Blitz game"]
[Site "?"]
[Date "2021.05.26"]
[Round "?"]
[White "Levy_not_here"]
[Black "amir_Zaibi"]
[Result "0-1"]
[WhiteElo "2221"]
[BlackElo "2539"]
[PlyCount "132"]
[EventDate "2021.??.??"]
[EventType "blitz"]

1. e4 e5 2. Nf3 d5 3. exd5 e4 4. Qe2 Qe7 5. Nd4 Qe5 6. Nf3 Qxd5 7. Nc3 Qd8 8.
Qxe4+ Be7 9. Bb5+ c6 10. Bc4 Nf6 11. Qe5 Nbd7 12. Qg3 Nb6 13. Qxg7 Rf8 14. Bb3
Ng4 15. h3 Bf6 16. Qxh7 Ne5 17. Nxe5 Bxe5 18. Kd1 Be6 19. Bxe6 fxe6 20. Re1 Qf6
21. Qxb7 Rd8 22. Qxc6+ Kf7 23. d3 Bxc3 24. bxc3 Nd5 25. Bb2 Rb8 26. Rb1 Rxb2
27. Rxb2 Nxc3+ 28. Kd2 Ne4+ 29. Qxe4 Qxb2 30. Qxe6+ Kg7 31. Qg4+ Kh8 32. Qh5+
Kg8 33. Qg6+ Kh8 34. Re7 Rxf2+ 35. Ke3 Qb6+ 36. Qxb6 axb6 37. Re5 Rf7 38. Re6
Rb7 39. Rd6 b5 40. Rd8+ Kh7 41. d4 Re7+ 42. Kd3 Rd7 43. d5 Rxd8 44. Kd4 b4 45.
Kc4 b3 46. Kc3 b2 47. Kb3 Rc8 48. Kxb2 Rb8+ 49. Kc1 Rb1+ 50. Kd2 Rb8 51. Kd3
Rg8 52. Kc4 Rg3 53. Kc5 Rxg2 54. Kc6 Rxc2+ 55. Kd6 Rxa2 56. Kd7 Rd2 57. Ke7 Rh2
58. Ke6 Rxh3 59. Kf6 Rd3 60. Kf5 Rxd5+ 61. Kf4 Kg6 62. Kf3 Rf5+ 63. Ke3 Kf6 64.
Ke2 Kg5 65. Kd2 Rf4 66. Kc3 Kg4 {Time forfeit} 0-1

[Event "Rated Blitz game"]
[Site "?"]
[Date "2021.05.26"]
[Round "?"]
[White "Duplex_96"]
[Black "Polyclinical"]
[Result "0-1"]
[WhiteElo "2616"]
[BlackElo "2818"]
[PlyCount "36"]
[EventDate "2021.??.??"]
[EventType "blitz"]

1. e4 e5 2. Nf3 d5 3. exd5 e4 4. Qe2 Qe7 5. Nd4 Nf6 6. d3 exd3 7. Qxe7+ Bxe7 8.
Bxd3 Nxd5 9. O-O O-O 10. Re1 Bf6 11. Nf5 Nb4 12. Be4 Re8 13. Kf1 N8c6 14. Ng3
Be6 15. Nd2 Nxa2 16. c3 Nxc1 17. Raxc1 Bg5 18. Red1 Rad8 {Normal} 0-1

[Event "Rated Blitz game"]
[Site "?"]
[Date "2021.05.26"]
[Round "?"]
[White "SunshineBand"]
[Black "TheMonsterNotTheNM"]
[Result "1/2-1/2"]
[WhiteElo "2604"]
[BlackElo "2478"]
[PlyCount "134"]
[EventDate "2021.??.??"]
[EventType "blitz"]

1. e4 e5 2. Nf3 d5 3. Nxe5 Bd6 4. d4 dxe4 5. Nc4 Nf6 6. Ne3 Nc6 7. Be2 O-O 8.
c3 b6 9. O-O Bb7 10. f3 Ne7 11. Nd2 c5 12. Ndc4 cxd4 13. cxd4 Bb8 14. fxe4 Nxe4
15. Bf3 Ng6 16. d5 Qh4 17. d6 b5 18. Nf5 Qf6 19. Na5 Qxf5 20. Nxb7 Nh4 21. Be3
Nxf3+ 22. Rxf3 Qg6 23. Bf4 Qe6 24. Qb3 Qxb3 25. axb3 f5 26. d7 Bxf4 27. Rxf4
Rad8 28. Nxd8 Rxd8 29. Rxa7 Nf6 30. Rxf5 Nxd7 31. Rd5 Re8 32. Rdxd7 Re6 33.
Rxg7+ Kf8 34. Rxh7 Kg8 35. Rag7+ Kf8 36. Rb7 Kg8 37. Rhc7 Re8 38. Rb6 Re1+ 39.
Kf2 Re8 40. Rbc6 Rf8+ 41. Kg3 Rf6 42. Rc8+ Kg7 43. Rxf6 Kxf6 44. Rb8 Ke5 45.
Rb6 Kd4 46. Rxb5 Kd3 47. Rb6 Kc2 48. Re6 Kc1 49. Re4 Kc2 50. Re3 Kc1 51. Rf3
Kc2 52. Rf4 Kc1 53. h3 Kc2 54. h4 Kc1 55. h5 Kc2 56. h6 Kc1 57. h7 Kc2 58. h8=Q
Kc1 59. Qh7 Kd2 60. Qh6 Kc1 61. Qg5 Kb1 62. Qg4 Ka2 63. Qf3 Ka1 64. Re4 Ka2 65.
b4 Ka1 66. b3 Ka2 67. Re2+ Ka3 {Time forfeit} 1/2-1/2

[Event "Rated Blitz game"]
[Site "?"]
[Date "2021.05.26"]
[Round "?"]
[White "JuleVerne"]
[Black "Fantastic_power06"]
[Result "1-0"]
[WhiteElo "2661"]
[BlackElo "2668"]
[PlyCount "129"]
[EventDate "2021.??.??"]
[EventType "blitz"]

1. e4 e5 2. Nf3 d5 3. Nxe5 Bd6 4. d4 dxe4 5. Nc3 Bxe5 6. dxe5 Qxd1+ 7. Nxd1 Nc6
8. Bf4 Nge7 9. Nc3 Bf5 10. O-O-O O-O 11. Bg3 Ng6 12. Nd5 Rac8 13. Bb5 Rfe8 14.
Rhe1 Ngxe5 15. Bxe5 Rxe5 16. Nxc7 Rxc7 17. Bxc6 g6 18. Rd8+ Kg7 19. Bd5 e3 20.
Rxe3 Rxc2+ 21. Kd1 Rxe3 22. fxe3 Rxb2 23. Rb8 Be6 24. Rxb7 Rxb7 25. Bxb7 Bxa2
26. Kd2 Kf6 27. Kc3 Ke5 28. g3 Bd5 29. Ba6 h5 30. Bd3 g5 31. Kb4 f5 32. Ka5 Be4
33. Be2 h4 34. Ka6 h3 35. Kxa7 Bf3 36. Bxf3 f4 37. exf4+ gxf4 38. g4 Kd4 39. g5
Ke5 40. Bg4 f3 41. Bxh3 f2 42. Bf1 Kf5 43. h4 Kg6 44. Kb6 Kh5 45. Kc5 Kg6 46.
Kd4 Kh5 47. Ke3 Kxh4 48. g6 Kg5 49. g7 Kg4 50. g8=Q+ Kf5 51. Bd3+ Ke5 52. Kxf2
Kd6 53. Ke3 Kc6 54. Kd4 Kd6 55. Qd5+ Ke7 56. Bf5 Kf6 57. Qe6+ Kg5 58. Bd3 Kf4
59. Qf5+ Kg3 60. Be4 Kh4 61. Qf3 Kg5 62. Qf5+ Kh4 63. Qg6 Kh3 64. Bf3 Kh2 65.
Qg2# {Normal} 1-0

[Event "Rated Blitz game"]
[Site "?"]
[Date "2021.05.26"]
[Round "?"]
[White "totoff"]
[Black "Junior072001"]
[Result "1-0"]
[WhiteElo "2459"]
[BlackElo "2272"]
[PlyCount "109"]
[EventDate "2021.??.??"]
[EventType "blitz"]

1. e4 e5 2. Nf3 d5 3. Nxe5 dxe4 4. d4 exd3 5. Bxd3 Nf6 6. O-O Bd6 7. Re1 O-O 8.
Bg5 h6 9. Bh4 Nbd7 10. Nxd7 Bxd7 11. Nc3 Be7 12. Qf3 Bc6 13. Qf5 g6 14. Qe5 Re8
15. Rad1 Qd6 16. Bc4 Qxe5 17. Rxe5 Kg7 18. Rde1 Bd6 19. R5e2 Rxe2 20. Rxe2 Re8
21. Rxe8 Bxe8 22. Nb5 Bxb5 23. Bxb5 g5 24. Bg3 Bxg3 25. hxg3 Nd5 26. c3 Kf6 27.
Kf1 Ke5 28. Ke2 f5 29. Bd3 f4 30. g4 Nf6 31. f3 Kd5 32. Kd2 a5 33. b4 axb4 34.
cxb4 Kd4 35. a4 Nd5 36. b5 Nc3 37. a5 Nd5 38. Be4 Nc3 39. a6 bxa6 40. bxa6 Nb5
41. Bc6 Na7 42. Bb7 c5 43. Ba8 c4 44. Be4 c3+ 45. Kc2 Ke3 46. Kxc3 Kf2 47. Kd4
Kxg2 48. Ke5 Kg3 49. Kf5 Kh4 50. Kg6 h5 51. gxh5 g4 52. fxg4 Kxg4 53. h6 f3 54.
h7 f2 55. Bd3 {Time forfeit} 1-0

[Event "Rated Blitz game"]
[Site "?"]
[Date "2021.05.26"]
[Round "?"]
[White "molinov"]
[Black "blastol"]
[Result "0-1"]
[WhiteElo "2496"]
[BlackElo "2407"]
[PlyCount "94"]
[EventDate "2021.??.??"]
[EventType "blitz"]

1. e4 e5 2. Nf3 d5 3. exd5 Bd6 4. d3 f5 5. Nc3 Nf6 6. Bg5 O-O 7. Qd2 Qe8 8.
O-O-O Bb4 9. a3 Ba5 10. Bxf6 Rxf6 11. d4 e4 12. Ne5 Nd7 13. Bc4 Nxe5 14. dxe5
Qxe5 15. d6+ Be6 16. d7 Rd8 17. Bxe6+ Rxe6 18. Qd5 Bxc3 19. bxc3 Qxd5 20. Rxd5
g6 21. h4 Rd6 22. Rb5 b6 23. h5 R8xd7 24. hxg6 hxg6 25. g4 Rd5 26. Rb4 c5 27.
Rb3 f4 28. c4 Rd4 29. Rbh3 Re7 30. Rh8+ Kf7 31. R1h7+ Ke6 32. Rh6 Kf6 33. Rc8
Kg5 34. Rh1 e3 35. fxe3 fxe3 36. Re1 Kxg4 37. Rf8 g5 38. Rg1+ Kh3 39. Rf3+ Kh2
40. Re1 e2 41. Rf2+ Kg3 42. Rfxe2 Rxe2 43. Rxe2 Kf3 44. Re8 g4 45. Rf8+ Rf4 46.
Rd8 g3 47. Rd3+ Kg2 {Normal} 0-1